000 nam a22 7a 4500
999 _c24854
_d24854
008 170130b xxu||||| |||| 00| 0 eng d
020 _a1933107200
050 _aRT 55 .P43 2005
100 _aPharmacology for Nursing.
245 _aPharmacology for Nursing Practice :
_bReview Module Edition 3.0/
_cPharmacology for Nursing.
260 _aU.S.A:
_bAssement Technologies Institute,
_c2005.
300 _avii,441p.:
_bill.;
_c22cm.
521 _aIncludes index.
650 _aNursing.
942 _2lcc
_cBOOKS
_hRT 55 .P43 2005